| 000 | 01415nam0a22003251 4500 | ||
|---|---|---|---|
| 001 | v19\rc\2024001 | ||
| 005 | 20251118181448.5 | ||
| 035 | _a(NLR Aleph) 005103993 | ||
| 090 |
_a7422410 _c7422410 |
||
| 100 | _a20251123 rusy50 | ||
| 101 | 0 | _arus | |
| 102 | _aRU | ||
| 105 | _aab z ||||| | ||
| 200 | 1 |
_aО необходимости усилить на ближайшие годы в России потребление дров, как промышленного топлива _fК.В. Кирш |
|
| 210 |
_aМосква _cтип. п/ф "Печ. искусство" _d[1916] |
||
| 215 |
_a9 с. _cкарт., диагр. _d26 |
||
| 309 | _aБез тит. л. и обл. | ||
| 311 | _aНапеч. в "Вестн. инженеров" за 1915 г., № 16, с. 745-749 под загл.: К вопросу о снабжении русской промышленности топливом | ||
| 488 | 0 |
_12001#$aВестник инженеров$v1915, № 16 _1215##$aС. 745-749 _tВестник инженеров |
|
| 700 | 1 |
_7ca _8rus _aКирш _bК.В. _f1877-1919 _gКарл Васильевич _9149483 _3RU\NLR\AUTH\770149519 |
|
| 801 | 0 |
_aRU _bNLR _gpsbo |
|
| 801 | 0 |
_aRU _bRuMoRGB _2psbo |
|
| 801 | 1 |
_aRU _bProSoft-M _2rusmarc |
|
| 852 |
_aNLR _j37.56.7.104 |
||
| 899 |
_aRuMoRGB _jV 113/997 |
||
| 899 |
_aRuMoRGB _jU 250/549 |
||
| 899 | _aБАН | ||
| 942 | _cBOOK | ||
| 980 | _aNB | ||